عرض عادي
عرض مارك
- Hughes, Mark,
مدخل إسم شخص
001 - رقم الضبط
- حقل الضبط: 36093
003 - معرف رقم الضبط
- حقل الضبط: OSt
005 - تاريخ ووقت أخر عملية
- حقل الضبط: 20130620145553.0
008 - عناصر بيانات ثابتة الطول
- حقل تحكم ثابت الطول: 130620|||a|||||| | ||| d
040 ## - مصدر الفهرسة
- هيئة الفهرسة الأصلية: OSt
- وكالة الكتابة: OSt
100 ## - مدخل -- أسم شخص
- إسم شخص: Hughes, Mark,
- العنوان و الكلمات الأخري المرتبطة بالأسم: BSc.
- عنوان العمل: Nervous system.
670 ## - بيانات المصدر موجوده
- الاستشهاد بالمصدر: Work cat.: (OSt)0: Ross, Jenny, 1986- 36091, Nervous system., 2012.
